| 000 | 02531nam0a2200409 4500 | ||
|---|---|---|---|
| 001 | RU\NLR\BIBL_A\012052852 | ||
| 005 | 20190718105911.0 | ||
| 010 | _a978-5-16-015280-6 | ||
| 021 |
_aRU _bКН-П-19-041715 _9КН-П-19-3064 |
||
| 035 | _a(NLR Aleph) 012052852 | ||
| 035 | _a(RuMoRGB)010004877 | ||
| 090 |
_a11660334 _c11660334 |
||
| 100 | _a20190704d2019 u y0rusy50 ca | ||
| 101 | 0 | _arus | |
| 102 | _aRU | ||
| 105 | _a |||j|||001zy | ||
| 200 | 1 |
_aПрокатно-прессово-волочильное производство _eучебник _eдля учебных заведений, реализующих программу среднего профессионального образования по укрупненной группе специальностей 22.02.00 "Технологии материалов" _fИ.Л. Константинов, С.Б. Сидельников, Е.В. Иванов _gСибирский федеральный университет |
|
| 205 | _a2-е изд. | ||
| 210 |
_aМосква _cИНФРА-М _aКрасноярск _cСФУ _d2019 |
||
| 215 |
_a510 с. _cил., табл. _d22 |
||
| 225 | 1 | _aСреднее профессиональное образование | |
| 320 | _aБиблиогр.: с. 498-500 | ||
| 320 | _aПредм. указ.: с. 501-510 | ||
| 606 | 1 |
_aПрокатка металлов _jУчебники для среднего профессионального образования _91317090 _3RU\NLR\AUTH\66230681 |
|
| 606 | 1 |
_aВолочение _jУчебники для среднего профессионального образования _91323748 _3RU\NLR\AUTH\66234547 |
|
| 606 | 1 |
_aВыдавливание металлов _jУчебники для среднего профессионального образования _9956229 _3RU\NLR\AUTH\6637441 |
|
| 686 | 1 | _aК621я723-1 | |
| 686 | 1 | _aК622я723-1 | |
| 686 | 1 | _aК623.4я723-1 | |
| 700 | 1 |
_aКонстантинов _bИ. Л. _cканд. техн. наук, металловедение _gИгорь Лазаревич _9182065 _3RU\NLR\AUTH\770182116 |
|
| 701 | 1 |
_aСидельников _bС. Б. _gСергей Борисович |
|
| 701 | 1 |
_7ca _8rus _aИванов _bЕ. В. _cинженер-металлург _gЕвгений Владимирович _9103381 _3RU\NLR\AUTH\77120456 |
|
| 942 | _cBOOK | ||
| 980 | _aNBR | ||
| 980 | _aNB | ||